Online
Catalog

En el valle de la paz / (Record no. 25346)

MARC details
000 -CABECERA
campo de control de longitud fija 00679nam a2200193 a 4500
001 - NÚMERO DE CONTROL
campo de control 000025854
005 - FECHA Y HORA DE LA ÚLTIMA TRANSACCIÓN
campo de control 20200930024112.0
008 - DATOS DE LONGITUD FIJA--INFORMACIÓN GENERAL
campo de control de longitud fija 110223s1976 ve r 000 0 spa d
040 ## - FUENTE DE LA CATALOGACIÓN
Centro catalogador/agencia de origen DO-SdBNP
Lengua de catalogación spa
Centro/agencia transcriptor BNPHU
082 ## - NÚMERO DE LA CLASIFICACIÓN DECIMAL DEWEY
Número de clasificación nn*
Número de documento/Ítem nn*
049 ## - FONDOS LOCALES (OCLC)
Fondos de biblioteca BNGR
100 1# - ENTRADA PRINCIPAL--NOMBRE DE PERSONA
Nombre de persona Rivas T., Jose E.
9 (RLIN) 52690
245 10 - MENCIÓN DE TÍTULO
Título En el valle de la paz /
Mención de responsabilidad, etc. Jose E. Rivas T.
260 ## - PUBLICACIÓN, DISTRIBUCIÓN, ETC.
Lugar de publicación, distribución, etc. Mérida, Venezuela :
Nombre del editor, distribuidor, etc. Oficial,
Fecha de publicación, distribución, etc. 1976.
300 ## - DESCRIPCIÓN FÍSICA
Extensión 439 p. ;
Dimensiones 22 cm.
500 ## - NOTA GENERAL
Nota general "Drama histórico sobre la obra del padre Fray Diego de Navarro, agustino, primer misionero y civilizador de Aricagua (Edo. Mérida)".
500 ## - NOTA GENERAL
Nota general Incluye índice alfabético.
700 1# - PUNTO DE ACCESO ADICIONAL--NOMBRE DE PERSONA
Nombre de persona Ojada de Soto, Rosa Maria,
Término indicativo de función/relación tr.
9 (RLIN) 52687
Holdings
Estado de retiro Estado de pérdida Restricciones de uso No para préstamo Código de colección Localización permanente Ubicación/localización actual Ubicación en estantería Fecha de adquisición Número de inventario Total de préstamos Signatura topográfica completa Código de barras Fecha visto por última vez Precio válido a partir de Tipo de ítem Koha
        Monografías: Libros y Folletos General General En catalogación 23.02.2011 LF1   nn* nn* 25854-10 25.06.2020 25.06.2020 Préstamo en sala

Powered by Koha